000 00565nam a2200241 a 4500
001 nice12345678
003 IN_TiNIC
005 20260116012246.0
008 050524s1985 lona grp 000 0 eng
020 _a
_c514.3
082 0 0 _a231.7
_bMON
100 _aMontefiore, Hugh
245 _aProbability of God
260 _aLondon
_bScm Press
_c1985
300 _a177p
500 _aincludes index and biblioraphy
505 2 _aNotes
650 _aRevelation-Christian
700 1 _aMontefiore, Hugh
902 _bSRS
942 _cBK
999 _c6276
_d6276